Investment banking

Αποθηκεύτηκε σε:
Λεπτομέρειες βιβλιογραφικής εγγραφής
Κύριος συγγραφέας: Willis, Henry Parker 1874-1937
Άλλοι συγγραφείς: Bogen, Jules Irwin 1903-
Μορφή: Βιβλίο
Γλώσσα:English
Δημοσίευση: New York : Arno Press, 1975, c1936
Σειρά:Wall Street and the security markets
Θέματα:
Ετικέτες: Προσθήκη ετικέτας
Δεν υπάρχουν, Καταχωρήστε ετικέτα πρώτοι!

MARC

LEADER 00000cam a2200000 i 4500
001 1/39343
008 960425r19751936 eng d
020 |a 0405072473 
035 |l 10025026 
040 |a GR-MY-UA  |b gre  |e aacr 
041 0 |a eng 
082 0 |a 332.660973 
100 1 |a Willis, Henry Parker  |d 1874-1937. 
245 1 0 |a Investment banking /  |c Henry Parker Willis and Jules I. Bogen 
260 |a New York :   |b Arno Press,   |c 1975, c1936 
300 |a xiv, 667 p.;  |c 23 cm. 
490 1 |a Wall Street and the security markets 
500 |a Reprint of the rev. ed. published by Harper, New York 
504 |a Includes bibliographical references and index 
650 0 0 |a Investment banking  |z United States. 
650 0 0 |a Securities  |z United States. 
700 1 |a Bogen, Jules Irwin  |d 1903- 
830 0 |a Wall Street and the security markets 
852 |a INST  |b CHIOS  |e 19960425  |h 332.660973 WIL  |p 005200005464  |q 005200005464  |t BK  |y 0 
909 |a Χ  |b 002997